000 01088cam a2200133 4500500
005 20260322014806.0
041 _afre
042 _adc
100 1 0 _aCreton, Laurent
_eauthor
245 0 0 _aL'économie du cinéma en 50 fiches
260 _bArmand Colin,
_c2024.
520 _aLe cinéma, monde polymorphe qui conjugue art et industrie, poésie et divertissement, ne peut être abordé pleinement sans prendre en compte sa dimension socio-économique. L’objectif de cet ouvrage est de proposer une synthèse des connaissances fondamentales à maîtriser dans ce domaine, sous la forme de 50 fiches. L’auteur y présente avec rigueur les cadres d’analyse et les grilles de lecture nécessaires à l’étude des structures et des évolutions de la filière cinématographique.Cette 7e édition met en lumière les problématiques liées aux évolutions des pratiques culturelles et les débats actuels autour des nouveaux médias audiovisuels.
856 4 1 _uhttps://shs.cairn.info/l-economie-du-cinema-en-50-fiches-7e-ed--9782200639327?lang=fr&redirect-ssocas=7080
999 _c1791486
_d1791486